01015nam a2200241 a 4500001001000000003000900010005001700019008004100036020001800077040002500095100003200120245011900152260003500271300002800306504003500334590002600369700004400395942001400439952010300453952009700556952010300653999001700756000042068DO-SdBNP20210615100118.0131112s2013 dr 000 0 spa d a9789993445173 aDO-SdBNPbspacBNPHU1 aGarcía Molina, Bartolo9613aEl discurso científico :bteoría y aplicación /cBartolo García Molina ; prólogo Juan Francisco Viloria. aSanto Domingo :bSurco,c2013. a278 p. :bil. ;c23 cm. aBibliografía : p. [269--278] aInventariado, 2019/VM1 aJuan Francisco Viloria,epról.969056 2ddccLBS1 00102ddc56708DSaBNPHUbGRcHDd2013-11-12l0o p42068-30r2020-06-25te. 3w2020-06-25yLFDS 00102ddc51718PDaBNPHUbPDcHDd2013-11-12l0o p42068-10r2020-06-25w2020-06-25yLFPD 00102ddc51728PDaBNPHUbPDcHDd2013-11-12l0o p42068-20r2020-06-25te. 2w2020-06-25yLFPD c41557d41557